Statistics for Countries with the most homeless people

Click here to take the quiz!

General Stats

  • This quiz has been taken 45 times
    (18 since last reset)
  • The average score is 13 of 25

Answer Stats

Homeless PopulationCountry% Correct
1.8mBharat
94%
2.57m*China
94%
24.4m*Nigeria
82%
12mEgypt
71%
2.69mEthiopia
71%
3m*Indonesia
65%
2.73mSudan
65%
5mBangladesh
59%
1.22mIraq
59%
4.5mPakistan
59%
4.5mPhilippines
59%
2.96mSomalia
59%
3.85mYemen
59%
700kPeru
53%
6.56mSyria
53%
1.54mSouth Sudan
47%
734kUkraine
47%
4.94mColombia
41%
1.2m*Zimbabwe
41%
1.03mCameroon
35%
769kMozambique
35%
1m*Honduras
29%
5.33mDRC
24%
735kAzerbaijan
18%
700kBurkina Faso
12%

Score Distribution

Percentile by Number Answered

Percent of People with Each Score

Your Score History

You have not taken this quiz since the last reset